00554nam a22001697a 4500999001700000008004100017020001900058040001500077050002900092100002300121245003400144250001200178260003000190300001100220942001200231952014100243 c18631d18631201119b xxu||||| |||| 00| 0 eng d a97802731779841 aKABUcKABU aHB 171.5 b.H83 2013 C.1 aHubbard, R. Glenn. aEconomics/cR. Glenn Hubbard. a4th ed. aBoston:bPearson, c2013. a1097p. 2lcccBK 00102lcc70aKABUbKABUd2020-11-19g3044.00l1oHB 171.5 .H83 2013 C.1p029391r2024-08-02 00:00:00s2021-03-03tC. 1w2020-11-19yBK